Score 0/24 Timer 06:00
4 Plays Today
% Correct
Chris Rock
73.3%
Morgan Freeman
71.7%
Edward Norton
60%
Zach Braff
56.5%
Bob Saget
50%
Ray Liotta
44.7%
Ron Howard
42.5%
Daniel Stern
33.6%
Rod Serling
33.5%
Peter Falk
30.7%
Richard Dreyfuss
27.7%
Boris Karloff
23.9%
% Correct
Kristen Bell
23.8%
Emma Thompson
23.3%
Waylon Jennings
21%
Sam Elliott
17.9%
Robert Redford
16.6%
Alec Baldwin
10.2%
Anthony Hopkins
10.1%
Jean Shepherd
7.9%
Brenda Strong
7.3%
Bill Kurtis
4%
Walter Winchell
3.1%
William Conrad
2.7%
Remove Ads.
Support Sporcle.
Get the best of Sporcle when you Go Orange. This ad-free experience offers more features, more stats, and more fun while also helping to support Sporcle. Thank you for becoming a member.

You're not logged in!

Compare scores with friends on all Sporcle quizzes.
OR
Log In

Show Comments

Extras

Top Quizzes Today


Score Distribution

Your Account Isn't Verified!

In order to create a playlist on Sporcle, you need to verify the email address you used during registration. Go to your Sporcle Settings to finish the process.

Report this User

Report this user for behavior that violates our Community Guidelines.

Details: